00857nam a22002057a 450000500170000000800410001702000150005805000200007310000300009324501720012325000120029526000690030730000310037649000610040750400290046865000290049765000420052670000420056870000410061020170623114012.0170623b mx ||||| |||| 00| 0 spa d a968366547004aQK647bB56 19971 aBarajas Morales, Josefina10aAnatomía de maderas de México b: especies de una selva alta perennifolia 1c/ Josefina Barajas-Morales, Guillermo Ángeles Álvarez, Patricia Solís Sánchez. a1a ed.  aMéxico : bUniversidad Nacional Autónoma de México, c1997 a126 p. : bil. ; c23 cm.  0aInstituto de Biología, publicaciones especiales ; v16 aIncluye bibliografías  72lembaBosqueszMéxico  72lembaMadera xAnatomía zMéxico 1 aAngeles Álvarez, Guillermo,eautor 1 aSolís Sánchez, Patricia, eautor